Statistics for Cars, Boats, and Spaceships From TV and Movies

Click here to take the quiz!

General Stats

  • This quiz has been taken 119 times
  • The average score is 8 of 16

Answer Stats

vehicleshow or movie% Correct
DeLorean Time MachineBack To The Future
90%
EnterpriseStar Trek
90%
Millenium FalconStar Wars
90%
TARDISDoctor Who
74%
KITTKnight Rider
70%
General LeeDukes of Hazzard
69%
HerbieThe Love Bug
54%
NostromoAlien
43%
SS MinnowGilligan's Island
37%
OrcaJaws
33%
Pacific PrincessThe Love Boat
33%
SerenityFirefly
32%
Jupiter 2Lost In Space
28%
Discovery One (XD-1)2001: A Space Odyssey
19%
Eagle 5Spaceballs
9%
United Planets Cruiser C-57D and BellerophonForbidden Planet
6%

Score Distribution

Percentile by Number Answered

Percent of People with Each Score

Your Score History

You have not taken this quiz